000 00626nam a2200229Ia 4500
003 OSt
005 20221006164547.0
006 a|||||r|||| 00| 0
007 ta
008 221006b |||||||| |||| 00| 0 hin d
024 _a4,984
037 _cTextual
040 _aFML
_cFML
_bhin
041 _2hin
_ahin
082 _aNR(Q8441), 153N1
100 _aSingh Tara Au.
_9676948
245 0 _aShri Guru Granth Sahib Raag Ratnawali
260 _aPatiyala
_bPunjabi University India
_c1991
300 _a364
_ccm.
942 _hNR(Q8441), 153N1
_cTEXL
_2CC
999 _c1117668
_d1117668